Análisis económico y jurídico del art. 12 de la Ley de Riesgos del Trabajo. ¿Una luz al final del camino? / (Registro nro. 6579)
[ vista simple ]
| 000 -LEADER | |
|---|---|
| fixed length control field | 01335nab a22002537a 4500 |
| 003 - CONTROL NUMBER IDENTIFIER | |
| control field | OSt |
| 005 - DATE AND TIME OF LATEST TRANSACTION | |
| control field | 20260225133442.0 |
| 008 - FIXED-LENGTH DATA ELEMENTS--GENERAL INFORMATION | |
| fixed length control field | 190506c xxu||||| |||| 00| 0 spa d |
| 040 ## - CATALOGING SOURCE | |
| Transcribing agency | PJ |
| 100 ## - MAIN ENTRY--PERSONAL NAME | |
| 9 (RLIN) | 6814 |
| Personal name | Sala Sarmiento, Cristian M. |
| 245 10 - TITLE STATEMENT | |
| Title | Análisis económico y jurídico del art. 12 de la Ley de Riesgos del Trabajo. ¿Una luz al final del camino? / |
| Statement of responsibility, etc | Cristian M. Sala Sarmiento. |
| 260 ## - PUBLICATION, DISTRIBUTION, ETC. (IMPRINT) | |
| Place of publication, distribution, etc | Buenos Aires : |
| Name of publisher, distributor, etc | AbeledoPerrot, |
| Date of publication, distribution, etc | 2025. |
| 300 ## - PHYSICAL DESCRIPTION | |
| Extent | p. 17-24 |
| 500 ## - GENERAL NOTE | |
| General note | Cita: TR LALEY AR/DOC/541/2025. |
| 505 ## - FORMATTED CONTENTS NOTE | |
| Formatted contents note | Sumario: I. Introducción.— II. Desarrollo del tema.— III. El ingreso base mensual. No necesidad de declarar la inconstitucionalidad del art. 12, LRT.— IV. Comparación económica con la aplicación de las normas involucradas sobre el apart. 2°, art. 12 de la LRT. Línea de tiempo. Casos testigos.— V. Conclusiones. |
| 505 ## - FORMATTED CONTENTS NOTE | |
| Title | ¿Te interesa el texto completo? Comunicate al correo: koha@justierradelfuego.gov.ar |
| 650 #0 - SUBJECT ADDED ENTRY--TOPICAL TERM | |
| 9 (RLIN) | 1316 |
| Topical term or geographic name as entry element | DERECHO LABORAL |
| 650 #0 - SUBJECT ADDED ENTRY--TOPICAL TERM | |
| 9 (RLIN) | 1482 |
| Topical term or geographic name as entry element | LEY SOBRE RIESGOS DEL TRABAJO |
| 650 #0 - SUBJECT ADDED ENTRY--TOPICAL TERM | |
| 9 (RLIN) | 4425 |
| Topical term or geographic name as entry element | ACCIDENTE IN ITINERE |
| 650 #0 - SUBJECT ADDED ENTRY--TOPICAL TERM | |
| 9 (RLIN) | 1417 |
| Topical term or geographic name as entry element | ACCIDENTES DE TRABAJO |
| 650 #0 - SUBJECT ADDED ENTRY--TOPICAL TERM | |
| 9 (RLIN) | 4318 |
| Topical term or geographic name as entry element | INDEMNIZACIÓN POR INCAPACIDAD |
| 773 0# - HOST ITEM ENTRY | |
| Host Biblionumber | 2751 |
| Host Itemnumber | 3202 |
| Place, publisher, and date of publication | Buenos Aires : AbeledoPerrot, 2013- |
| Title | Revista de derecho laboral y seguridad social. Nº 8 - Abril 2025 |
| 942 ## - ADDED ENTRY ELEMENTS (KOHA) | |
| Source of classification or shelving scheme | |
| Koha item type | Analítica Artículo de Revista |
No hay ítems disponibles.
